000 00426nmm a2200133Ia 4500
008 251105s9999||||xx |||||||||||||||||und||
041 _aspa
245 0 _aPremios Irene 2008. La paz empieza en casa
264 _a[Madrid, España] :
_bMinisterio de Educación, Cultura y Deporte de España,
_c2012
300 _a118 páginas
650 _aEducation
856 _uhttps://public.digitaliapublishing.com/a/32627
942 _cCF
999 _c104589
_d104589